Loaves, beds, plants and Osiris : considerations about the emergence of the cult of Osiris /
The emergence of the cult of Osiris is generally posited to have occurred quite suddenly at the end of the 5th dynasty. This study considers evidence to suggest this appearance was preceded by a period of development of the theology and mythology of the cult.
المؤلف الرئيسي:
التنسيق: كتاب الكتروني
اللغة: English
منشور في:
Summertown, Oxford :
Archaeopress Publishing Ltd,
2018.
سلاسل:
Archaeopress Egyptology ;
21.
الموضوعات:
الوصول للمادة أونلاين: Login to view Source
الوسوم: إضافة وسم
رقم الطلب: DT68.2
| LEADER | 01947nam a2200433 i 4500 | ||
|---|---|---|---|
| 001 | EDZ0002019948 | ||
| 003 | StDuBDS | ||
| 005 | 20230412182312.0 | ||
| 006 | m|||||o||d|||||||| | ||
| 007 | cr ||||||||||| | ||
| 008 | 181112s2018 enka fob 000|0|eng|d | ||
| 020 | |a 9781784919672 (ebook) : |c No price | ||
| 040 | |a StDuBDS |b eng |c StDuBDS |e rda |e pn | ||
| 050 | 4 | |a DT68.2 | |
| 082 | 0 | 4 | |a 932.012 |2 23 |
| 100 | 1 | |a Roeten, Leo, |e author. | |
| 245 | 1 | 0 | |a Loaves, beds, plants and Osiris : |b considerations about the emergence of the cult of Osiris / |c Leo Roeten. |
| 264 | 1 | |a Summertown, Oxford : |b Archaeopress Publishing Ltd, |c 2018. | |
| 300 | |a 1 online resource (xxx, 220 pages) : |b illustrations (black and white). | ||
| 336 | |a text |2 rdacontent | ||
| 336 | |a still image |2 rdacontent | ||
| 337 | |a computer |2 rdamedia | ||
| 338 | |a online resource |2 rdacarrier | ||
| 490 | 1 | |a Archaeopress Egyptology ; |v 21 | |
| 500 | |a Previously issued in print: 2018. | ||
| 504 | |a Includes bibliographical references. | ||
| 520 | 8 | |a The emergence of the cult of Osiris is generally posited to have occurred quite suddenly at the end of the 5th dynasty. This study considers evidence to suggest this appearance was preceded by a period of development of the theology and mythology of the cult. | |
| 521 | |a Specialized. | ||
| 588 | |a Description based on online resource; title from home page (viewed on February 27, 2019). | ||
| 600 | 0 | 0 | |a Osiris |c (Egyptian deity) |x Cult. |
| 651 | 0 | |a Egypt |x Antiquities. | |
| 650 | 0 | |a Reincarnation |z Egypt. | |
| 651 | 0 | |a Egypt |x History |y Old Kingdom, ca. 2686-ca. 2181 B.C. | |
| 776 | 0 | 8 | |i Print version : |z 9781784919665 |
| 830 | 0 | |a Archaeopress Egyptology ; |v 21. | |
| 856 | 4 | 0 | |3 Archaeopress |u http://library.arce.org:8087/Archaeopress/Products/9781784919665 |
| 942 | |2 lcc |c EBOOK | ||
| 952 | |0 0 |1 0 |4 0 |6 DT00682 |7 1 |9 46441 |a ARCH |b ARCH |d 2023-04-12 |l 0 |o DT68.2 |r 2023-04-12 00:00:00 |w 2023-04-12 |y EBOOK | ||
| 999 | |c 52099 |d 52099 | ||
